LDR 00848naa#a2200169#i#450# 001 RU\\bibl\121417 005 20260515064615.5 011 ## _a1994-4683 100 ## _a20230531b2023####ek#y0rusy0150####ca 102 ## _aRU 200 1# _aБЕГ ПО СНЕГУ КАК ЭФФЕКТИВНОЕ СРЕДСТВО ПОВЫШЕНИЯ РЕЗУЛЬТАТОВ В БЕГЕ НА СРЕДНИЕ ДИСТАНЦИИ У СТУДЕНТОВ _eЖурнальная статья 210 1# _aМосква _cНациональный государственный Университет физической культуры, спорта и здоровья им. П.Ф. Лесгафта _d2023 215 ## _a3 с. 608 ## _aЖурнальная статья _2local 675 ## _aБег. Например,. 796.422 _z 700 #1 _aЗиамбетов _gВ Ю 856 4# _auchzapiski.lesgaft.spb.ru _u